[Event "FRA-chT2 0910"]
[Site "France"]
[Date "2009.10.04"]
[Round "1.6"]
[White "Flear, Christine"]
[Black "Deschamps, Remi"]
[Result "1-0"]
[WhiteElo "2148"]
[BlackElo "2107"]
[PlyCount "57"]
[EventDate "2009.09.27"]
[EventType "team-tourn"]
[EventRounds "11"]
[EventCountry "FRA"]
[SourceTitle "EXT 2011"]
[Source "ChessBase"]
[SourceDate "2010.11.26"]
[SourceVersion "1"]
[SourceVersionDate "2010.11.26"]
[SourceQuality "1"]

1. d4 c5 2. d5 e5 3. e4 d6 4. Bb5+ Nd7 5. a4 Be7 6. Nf3 h6 7. Nfd2 Bg5 8. Nc4 Qf6 9. Bxg5 hxg5 10. a5 Qg6 11. Nbd2 Ke7 12. Qe2 Ndf6 13. 0-0-0 Bd7 14. Bxd7 Kxd7 15. Nxe5+ dxe5 16. Qb5+ Kd8 17. Qxb7 Rc8 18. d6 Nd7 19. Nc4 f5 20. Qxd7+ Kxd7 21. Nxe5+ Ke6 22. Nxg6 Rh6 23. exf5+ Kxf5 24. Ne7+ Nxe7 25. dxe7 Re8 26. Rd5+ Ke6 27. Rxg5 Kf6 28. Rxc5 Rxe7 29. Rc6+ 1-0

[Event "Condom op 4th"]
[Site "Condom"]
[Date "2005.07.09"]
[Round "1"]
[White "Van Elst, Andreas"]
[Black "Deschamps, Remi"]
[Result "1-0"]
[WhiteElo "2263"]
[BlackElo "2057"]
[PlyCount "71"]
[EventDate "2005.07.09"]
[EventType "swiss"]
[EventRounds "9"]
[EventCountry "FRA"]
[SourceTitle "CBM 107 Extra"]
[Source "ChessBase"]
[SourceDate "2005.09.01"]
[SourceVersion "1"]
[SourceVersionDate "2005.09.01"]
[SourceQuality "1"]

1. d4 Nf6 2. c4 g6 3. Nc3 Bg7 4. e4 0-0 5. Nf3 d6 6. Be2 e5 7. 0-0 Nc6 8. d5 Ne7 9. Ne1 Ne8 10. Be3 f5 11. f3 f4 12. Bf2 h5 13. c5 g5 14. a4 Rf6 15. cxd6 cxd6 16. a5 Bd7 17. Qb3 g4 18. Qxb7 Rg6 19. Bxa7 Rxa7 20. Qxa7 Nc8 21. Qb7 g3 22. h3 Nc7 23. Bb5 Nxb5 24. Nxb5 Bf8 25. Rc1 Rg7 26. Rc7 Rf7 27. Nc2 Bxb5 28. Rxf7 Bxf1 29. Kxf1 Qxa5 30. Rxf8+ Kxf8 31. Qxc8+ Kf7 32. Qb7+ Kg8 33. Qb4 Qa6+ 34. Ke1 Qd3 35. Qc3 Qa6 36. Kd1 1-0

[Event "Condom op 3rd"]
[Site "Condom"]
[Date "2004.07.10"]
[Round "1"]
[White "Deschamps, Remi"]
[Black "Baumann, Benjamin"]
[Result "0-1"]
[WhiteElo "2098"]
[BlackElo "2001"]
[PlyCount "72"]
[EventDate "2004.07.10"]
[EventType "swiss"]
[EventRounds "9"]
[EventCountry "FRA"]
[SourceTitle "CBM 101 Extra"]
[Source "ChessBase"]
[SourceDate "2004.09.01"]
[SourceVersion "2"]
[SourceVersionDate "2004.09.01"]
[SourceQuality "1"]

1. e4 d5 2. exd5 Nf6 3. d4 Bg4 4. f3 Bf5 5. c4 e6 6. dxe6 Nc6 7. Bd3 Bb4+ 8. Nc3 Bxd3 9. Qxd3 Qxd4 10. Qxd4 Nxd4 11. exf7+ Kxf7 12. Kf1 Rhe8 13. Bg5 h6 14. Bxf6 Nc2 15. Rc1 Ne3+ 16. Kf2 gxf6 17. Ne4 Rad8 18. Ne2 f5 19. a3 Bf8 20. Kxe3 Bc5+ 21. Kf4 fxe4 22. b4 exf3 23. bxc5 fxe2 24. Rhe1 Rd3 25. Rc2 Rde3 26. g3 h5 27. Kg5 R3e4 28. h3 R8e5+ 29. Kh6 Kf6 30. Rc3 Rf5 31. a4 Re8 32. Kh7 Kg5 33. h4+ Kg4 34. Rc2 Rfe5 35. Rc3 R8e7+ 36. Kg8 Re3 0-1

[Event "FRA-chT2 0304a"]
[Site "France"]
[Date "2004.04.03"]
[Round "10.4"]
[White "Deschamps, Remi"]
[Black "Boudre, Jean Pierre"]
[Result "1/2-1/2"]
[WhiteElo "2095"]
[BlackElo "2360"]
[PlyCount "132"]
[EventDate "2003.10.??"]
[EventType "team"]
[EventRounds "11"]
[EventCountry "FRA"]
[SourceTitle "EXT 2005"]
[Source "ChessBase"]
[SourceDate "2004.11.15"]
[SourceVersion "1"]
[SourceVersionDate "2004.11.15"]
[SourceQuality "1"]
[WhiteTeam "Marseille Reciproque"]
[BlackTeam "Avignon"]
[WhiteTeamCountry "FRA"]
[BlackTeamCountry "FRA"]

1. e4 e5 2. Nf3 Nc6 3. Bb5 a6 4. Bxc6 dxc6 5. 0-0 Be7 6. Re1 Bf6 7. d4 Bg4 8. dxe5 Qxd1 9. Rxd1 Bxe5 10. Nc3 Bxf3 11. gxf3 Ne7 12. f4 Bxc3 13. bxc3 Rd8 14. Be3 f5 15. f3 Kf7 16. Kf2 b6 17. a4 a5 18. c4 c5 19. e5 Nc6 20. c3 Rxd1 21. Rxd1 Rd8 22. Rd5 Ke6 23. Rxd8 Nxd8 24. h4 Kf7 25. Kg3 Kg6 26. Bf2 Ne6 27. Be3 Kh5 28. Kh3 Nf8 29. Bf2 Ne6 30. Be3 Kg6 31. Kg3 Kf7 32. Kg2 Ke8 33. Kf1 Kd7 34. Ke2 Kc8 35. Kd2 Kb7 36. Kc2 Ka6 37. Kb3 c6 38. Bd2 Kb7 39. Kc2 Kc7 40. Kd3 Kd7 41. Be3 Ke8 42. Ke2 Kf7 43. Kf1 Kg6 44. Kg2 Kh5 45. Kh3 Nf8 46. Bf2 Ng6 47. Bg3 h6 48. Kg2 Nf8 49. Bf2 Ne6 50. Kg3 Kg6 51. Be3 Kf7 52. Kg2 Ke8 53. Kf1 Kd7 54. Ke2 Nf8 55. Bf2 Kc7 56. Kd3 Kb7 57. Kc2 Ka6 58. Kb3 h5 59. Be1 Ne6 60. Bd2 Kb7 61. Be3 Kc7 62. Kc2 Nf8 63. Bf2 Kb7 64. Kb3 Ng6 65. Bg3 Ka6 66. Ka3 Kb7 1/2-1/2

[Event "FRA-ch U14"]
[Site "Hyeres"]
[Date "2002.??.??"]
[Round "6.10"]
[White "Deschamps, Remi"]
[Black "Monsieux, Cyril"]
[Result "0-1"]
[WhiteElo "1760"]
[BlackElo "2025"]
[PlyCount "38"]
[EventDate "2002.04.05"]
[EventType "swiss"]
[EventRounds "9"]
[EventCountry "FRA"]
[SourceTitle "EXT 2003"]
[Source "ChessBase"]
[SourceDate "2002.11.25"]
[SourceVersion "1"]
[SourceVersionDate "2002.11.25"]
[SourceQuality "1"]

1. e4 e6 2. d4 d5 3. Nc3 Nf6 4. Bd3 c5 5. exd5 exd5 6. dxc5 Bxc5 7. Qe2+ Be6 8. Bg5 0-0 9. 0-0-0 Be7 10. Nf3 Nc6 11. h4 h6 12. Nd2 Nb4 13. Kb1 d4 14. Nce4 Bxa2+ 15. Kc1 Rc8 16. Bxf6 Bxf6 17. Nxf6+ Qxf6 18. b3 Qa6 19. Kb2 Rxc2+ 0-1